La carrière de Dimitri Payet - Statistiques

Statistiques générales
  • Ce quiz a été pris 151 fois
  • Le résultat moyen est 6 sur 8
Statistiques - réponses
Année Match But Club % Correct
2017 - 2023 243 63 Olympique de Marseille
97%
2015 - 2017 60 15 West Ham
93%
2013 - 2015 83 15 Olympique de Marseille
91%
2007 - 2011 148 25 AS Saint-Etienne
81%
2011 - 2013 95 19 Lille
74%
2004 - 2007 39 5 Fc Nantes
64%
2023 - 2025 75 7 Vasco de Gama
64%
2003 - 2004 36 12 AS Excelsior
10%
Aucun quiz correspondant
Distribution des résultats
% des personnes avec chaque résultat
Percentile par nombre de réponses
Votre historique - résultats
Vous n’avez pas pris ce quiz